Provinces and States on the United States/Canada Border With an Empty Map - Statistics

General Stats
  • This quiz has been taken 105 times
  • The average score is 19 of 21
Answers on the Map
Answers color-coded by a green-red scale on the quiz's map according to % correct below.
 
Answer Stats
Province % Correct
Ontario
95%
Washington
95%
Alberta
94%
Maine
94%
Montana
94%
New York
94%
Michigan
93%
North Dakota
93%
Quebec
93%
Minnesota
92%
British Columbia
90%
Manitoba
90%
Saskatchewan
90%
Vermont
90%
Idaho
89%
New Hampshire
87%
Ohio
86%
Pennsylvania
86%
Alaska
82%
Yukon
78%
New Brunswick
77%
No matching quizzes found
Score Distribution
Percent of People with Each Score
Percentile by Number Answered
Your Score History
You have not taken this quiz